| 000 | 00475nam a2200193Ia 4500 | ||
|---|---|---|---|
| 005 | 20240823022529.0 | ||
| 008 | 240823s9999||||xx |||||||||||||| ||und|| | ||
| 020 | _a0-07-120411-3 | ||
| 041 | _aENGLISH | ||
| 082 | _A004.22 P2 | ||
| 100 | _a"Hamacher,Carl [et al]" | ||
| 245 | 0 | _aComputer Organization | |
| 250 | _a5th | ||
| 260 |
_c2002 _b#VALUE! |
||
| 500 | _aTRANSFERED | ||
| 650 |
_aComputer Organisation _bInformation Technology |
||
| 942 | _cBK | ||
| 999 |
_c179392 _d179392 |
||